陪審團美國鮮體驗
| 資料類型: | 圖書 | 書目號: | 3806 |
Leader xxxxxxxxxx 001 __ PCLIS00003806 005 __ 20221021093400.0 010 __ |a9789869114516|b平裝|d 101 __ |achi 200 __ |a陪審團美國鮮體驗|e|f朱水文等作 205 __ |a 210 __ |a臺北市|c米樂文化國際出版|d2014 215 __ |a255|c彩圖|d 225 __ |a|v 300 __ |a 681 __ |a586.5407 700 __ |a朱|b水文|4著 702 __ |a|b|4 801 _0 |atw|b內湖高中|c20010622|gCCR |